000
00278nam a22001217a 4500
008
171023b xxu||||| |||| 00| 0 eng d
041
_a
eng
080
_a
311
100
_a
55
101
_a
STA
245
_a
PROBABILITY AND STATISTICAL ANALYSIS
_c
HICKMAN, E.P
942
_2
udc
_c
BK
999
_c
35598
_d
35598